| 000 | 00463nam a2200181Ia 4500 | ||
|---|---|---|---|
| 001 | 4502 | ||
| 005 | 20260306145800.0 | ||
| 008 | 260306t2019||||xx |||||||||||||| ||spa|| | ||
| 041 | _aESP | ||
| 082 |
_a323.44 _bA18 |
||
| 100 |
_aAcemoglu, Daron, _eAUT |
||
| 245 | 0 |
_aEl pasillo estrecho : _bEstados, sociedades y cómo alcanzar la libertad |
|
| 260 | _c2019 | ||
| 300 |
_a672 páginas : _c23 cm. |
||
| 650 | _aGEN | ||
| 654 | _aCHU | ||
| 942 |
_cLIB _dJUS _fJUS _2ddc _n |
||
| 999 |
_c4502 _d4502 |
||